000
00177 a2200097 4500
020
_a
9780756611958
041
_a
spa
100
_a
Royston, Angela
245
_a
Bomberos
942
_c
BK
999
_c
891
_d
891